Central Library OPAC University of Rajshahi

A handbook on economic entomology / (Record no. 36578)

MARC details
000 -LEADER
fixed length control field 00753nam a22002537a 4500
001 - CONTROL NUMBER
control field 36578
003 - CONTROL NUMBER IDENTIFIER
rucl marc code BD-RjUL
005 - DATE AND TIME OF LATEST TRANSACTION
control field 20211209052515.0
008 - FIXED-LENGTH DATA ELEMENTS--GENERAL INFORMATION
fixed length control field 140705s2009 ii ||||| |||| 001 0 eng d
020 ## - INTERNATIONAL STANDARD BOOK NUMBER
International Standard Book Number 9788170356158
International Standard Book Number 8170356156
035 ## - SYSTEM CONTROL NUMBER
System control number (BD-RjUL)36679
040 ## - CATALOGING SOURCE
Original cataloging agency BD-RjUL
Language of cataloging eng
Transcribing agency BD-RjUL
041 ## - LANGUAGE CODE
Language code of text/sound track or separate title eng
082 #4 - DEWEY DECIMAL CLASSIFICATION NUMBER
Classification number 632.7
Author mark and year SHH 2009.
100 ## - MAIN ENTRY--PERSONAL NAME
Personal name Shukla, Abhishek
9 (RLIN) 111422
Dates associated with a name 1975-
245 12 - TITLE STATEMENT
Title A handbook on economic entomology /
Statement of responsibility, etc. Abhisheka Sukla
260 ## - PUBLICATION, DISTRIBUTION, ETC. (IMPRINT)
Place of publication, distribution, etc. Delhi :
Name of publisher, distributor, etc. Daya Pub. House,
Date of publication, distribution, etc. 2009
300 ## - PHYSICAL DESCRIPTION
Pagination 247 p. :
Illustrations ill. ;
Size 25 cm.
500 ## - GENERAL NOTE
General note Includes index.
650 ## - SUBJECT ADDED ENTRY--TOPICAL TERM
Topical term or geographic name as entry element Beneficial insects
Form subdivision Handbooks, manuals, etc
9 (RLIN) 111423
Topical term or geographic name as entry element Insect pests
Form subdivision Handbooks, manuals, etc.
9 (RLIN) 111424
942 ## - ADDED ENTRY ELEMENTS (KOHA)
Source of classification or shelving scheme Dewey Decimal Classification
Koha item type Books
Holdings
Lost status Source of classification or shelving scheme Damaged status Not for loan Permanent Location Current Location Shelving location Date acquired Source of acquisition Cost, normal purchase price Total Checkouts Full call number Date last seen Copy number Koha item type
  Dewey Decimal Classification   Not For Loan Central Library, University of Rajshahi Central Library, University of Rajshahi Reading Room 19/02/2013 Trim Education, Dhaka. 1955.00   632.7 SHH 2009 05/07/2014 C-1 Books